000 00271nam a2200109Ia 4500
008 220204s9999 xx 000 0 und d
082 _a82-34(541.2)
_bFOL
100 _aGeeta Majumdar
245 0 _aFolk tales of Bengal
260 _aNew Delhi
_bSterling
_c1977
942 _cBK
999 _c32490
_d32490